000 01157nam a2200217Ia 4500
003 Ost
005 20260416102356.0
008 260416s9999||||xx |||||||||||||| ||und||
040 _cfsecg
041 _aara
082 _a657.46
100 _aبوقفة، علاء
_eمؤلف
245 0 _a المحاسبة المالية /
_c علاء بوقفة
260 _aالجزائر
_bجامعة الجزائر3: كلية العلوم الإقتصادية، العلوم التجارية وعلوم التسيير
_c2020
300 _a123 ورقة
_bايضاحات
_c30ص.
504 _aمراجع ص.121
520 _aالاطار النظري للمحاسبة المالية و آليات و قواعد مسك المحاسبة المالية و المعالجة المحاسبية لحسابات الميزانية و المعالجة المحاسبية لحسابات التسيير و اعمال نهاية الدورة .
653 _aالمحاسبة التحليلية
710 _aجامعة الجزائر3: كلية العلوم الإقتصادية، العلوم التجارية وعلوم التسيير
_eناشر علمي
942 _cHANDOUT
999 _c41196
_d41196